000 00754nam a2200253Ia 4500
003 OSt
005 20220928130528.0
006 a|||||r|||| 00| 0
007 ta
008 220927b |||||||| |||| 00| 0 eng d
020 _cUSD 160.00
024 _a142414
037 _b00047, 21/02/2020, Kiran Book Service
_cTextual
040 _aSDCL
_cSDCL
_beng
041 _2eng
_aeng
082 _a4:(Y7), Q9
100 _aNikolic Marko Ed.
_9470017
245 0 _aMedia reporting and racism based crime
260 _aOakville
_bSociety Publishing
_c2019
300 _axxi,393p.
_ccm.
650 _aHindi
_9391598
942 _h4:(Y7), Q9
_cTEXL
_2CC
999 _c786950
_d786950